| 000 | 01336cam a22003617a 4500 | ||
|---|---|---|---|
| 003 | CHAP | ||
| 005 | 20220329133314.0 | ||
| 008 | 971013s1983 r 00010 d | ||
| 010 | _a4628 | ||
| 011 | _a5600 | ||
| 035 | _a4814 | ||
| 040 | _cCHAP | ||
| 090 | _aFolleto 13776 | ||
| 100 | 0 | 0 |
_aZarcinas, B. A. _9123706 |
| 245 | 0 | _aAnalysis of soil and plant material by inductively coupled plasma-optical emission spectrometry | |
| 260 |
_aMelbourne : _bCammonwealth Scientific and Industrial Research Organization, _c1983 |
||
| 300 |
_a36 p. _b: ilus. ; gráfs. |
||
| 490 | 0 |
_aSeries Division of soils technical paper _v; 45 |
|
| 590 |
_aBATCH-UPD _b10 _c20130110 _lUCH01 _h0106 |
||
| 590 |
_aBATCH-UPD _b10 _c20130110 _lUCH01 _h1808 |
||
| 590 |
_aBATCH-UPD _b10 _c20130410 _lUCH01 _h1143 |
||
| 590 |
_aBATCH-UPD _b10 _c20130914 _lUCH01 _h0347 |
||
| 590 |
_aCONVERSION _b10 _c20130109 _lUCH01 _h1304 |
||
| 650 | 1 | 4 |
_aAnálisis espectrométrico. _95983 |
| 650 | 1 | 4 |
_aPlantas _xAnálisis. _988791 |
| 650 | 1 | 4 |
_aSuelos _xAnálisis. _9110204 |
| 700 | 0 |
_aCartwright, B. _919665 |
|
| 710 | 0 |
_aCommonwealth Scientific and Industrial Research Organization. Division of Soils. _926043 |
|
| 830 | 0 |
_aSeries Division of soils technical paper _v; 45 _9105122 |
|
| 901 | _aBK | ||
| 942 | _cFOLL | ||
| 949 |
_aFolleto 13776 _bBC _cFOLL _d-14377 _eTS1 _i4814 _si |
||
| 999 |
_c4628 _d4628 |
||